Programming for the BBC Micro : pocket guide /

Saved in:
Bibliographic Details
Main Author: Cryer, Neil
Other Authors: Cryer, Pat
Format: Book
Language:English
Published: London : Pitman, 1983.
Edition:1st ed.
Series:Programming pocket guides
Subjects:
LEADER 01016nam a2200289 a 4500
001 c000052566
003 CARM
005 00000000000000.0
008 850604s1983 enka 00010 eng
019 1 |a 3636941  |5 LACONCORD2021 
020 |a 0273019791 (pbk.) 
035 |a (OCoLC)12104851  |5 LACONCORD2021 
050 0 0 |a QA76.8.B35  |b C8 1983 
100 1 |a Cryer, Neil. 
245 1 0 |a Programming for the BBC Micro :  |b pocket guide /  |c Neil Cryer and Pat Cryer. 
250 |a 1st ed. 
260 |a London :  |b Pitman,  |c 1983. 
300 |a ii, 62 p. :  |b ill. ;  |c 16 cm. 
440 0 |a Programming pocket guides 
500 |a Cover title. 
650 0 |a BBC Microcomputer  |x Programming. 
650 0 |a BASIC (Computer program language) 
700 1 |a Cryer, Pat. 
852 8 |b CARM  |h A2:AE31G0  |i A00057  |p 0011448  |f BK 
082 0 4 |a 001.64/2  |2 19 
999 f f |i ddcdc7d7-e3c7-5cc1-8252-11ad9dd0b025  |s aeab4bb1-1b58-5374-924e-e087b1335bed 
952 f f |p Can circulate  |a CAVAL  |b CAVAL  |c CAVAL  |d CARM 1 Store  |e A00057  |f A2:AE31G0  |h Other scheme  |i book  |m 0011448